[Event "St Louis Winter A 2018"]
[Site "Saint Louis USA"]
[Date "2018.11.08"]
[Round "4.5"]
[White "Xiong, Jeffery"]
[Black "Sevian, Samuel"]
[Result "1/2-1/2"]
[WhiteTitle "GM"]
[BlackTitle "GM"]
[WhiteElo "2675"]
[BlackElo "2641"]
[WhiteFideId "2047640"]
[BlackFideId "2040506"]
[EventDate "2018.11.05"]

1. e4 e5 2. Nf3 Nc6 3. Bc4 Nf6 4. d3 Bc5 5. c3 d6 6. a4 a6 7. O-O h6 8. Re1 O-O
9. h3 Re8 10. Nbd2 Be6 11. Bxe6 Rxe6 12. b4 Ba7 13. Qc2 Ne7 14. Nf1 Ng6 15. Ng3
c6 16. Rb1 Qc7 17. Bd2 Rc8 18. c4 Nd7 19. Nf5 Ne7 20. Ng3 Rg6 21. Be3 Bxe3 22.
Rxe3 a5 23. b5 Nc5 24. d4 exd4 25. Nxd4 Nd7 26. Ndf5 Re8 27. Qc3 cxb5 28. Rxb5
Nc5 29. Nxg7 Rxg7 30. Nh5 Rg6 31. Rg3 Ne6 32. f4 Rxg3 33. Qxg3+ Kf8 34. f5 Ng5
35. h4 Qxc4 36. hxg5 Qc1+ 37. Kh2 Qxg5 38. Qxg5 hxg5 39. Nf6 Rc8 40. Rxb7 Nc6
41. Nh7+ Kg7 42. Nxg5 Ne5 43. Ne6+ Kf6 44. Nc7 Nd3 45. Kg3 Ke5 46. Nb5 Rg8+ 47.
Kf3 Ne1+ 48. Ke2 Nxg2 49. Re7+ Kf6 50. Rd7 Ke5 51. Nxd6 f6 52. Kd3 Nf4+ 53. Kc4
Rb8 54. Nb7 Kxe4 55. Nxa5 Rc8+ 56. Kb5 Nd5 57. Nb7 Nc3+ 58. Kb4 Nd5+ 59. Kb3
Rc3+ 60. Kb2 Rc7 61. Nd6+ Ke5 62. Rd8 Nb6 63. Kb3 Ra7 64. Nb5 1/2-1/2

[Event "St Louis Winter A 2018"]
[Site "Saint Louis USA"]
[Date "2018.11.09"]
[Round "5.1"]
[White "Sevian, Samuel"]
[Black "Sasikiran, Krishnan"]
[Result "1-0"]
[WhiteTitle "GM"]
[BlackTitle "GM"]
[WhiteElo "2641"]
[BlackElo "2671"]
[WhiteFideId "2040506"]
[BlackFideId "5004985"]
[EventDate "2018.11.05"]

1. e4 c5 2. Nc3 d6 3. d4 cxd4 4. Qxd4 Nc6 5. Qd2 Nf6 6. b3 e6 7. Bb2 a6 8. f4 b5
9. Bd3 Bb7 10. Nf3 Nb4 11. a3 Nxd3+ 12. cxd3 d5 13. e5 d4 14. Nxd4 Qxd4 15. exf6
Qxf6 16. Ne4 Qh4+ 17. Qf2 Qxf2+ 18. Kxf2 Rd8 19. Rhd1 f6 20. b4 Be7 21. Rac1 Bd5
22. Ke3 O-O 23. Rc7 Rf7 24. Rdc1 h6 25. g3 f5 26. Nc5 Ra8 27. Bd4 a5 28. bxa5
Rxa5 29. Rb1 Bd6 30. Rc8+ Rf8 31. Rxf8+ Kxf8 32. Nd7+ Ke8 33. Nb6 Ba2 34. Rc1
Rxa3 35. Bxg7 Ra6 36. Bd4 b4 37. Rc6 Be7 38. Rc8+ Kf7 39. Nd7 Bd6 40. Rh8 Ke7
41. Nb6 Ra3 42. Rh7+ Kf8 43. Nc8 Bb8 44. Rb7 Bc4 45. Bc5+ Ke8 46. Rxb8 Rxd3+ 47.
Kf2 Kd7 48. Rxb4 Bd5 49. Nb6+ Kc6 50. Be3 1-0

[Event "St Louis Winter A 2018"]
[Site "Saint Louis USA"]
[Date "2018.11.09"]
[Round "5.2"]
[White "Motylev, Alexander"]
[Black "Xiong, Jeffery"]
[Result "1/2-1/2"]
[WhiteTitle "GM"]
[BlackTitle "GM"]
[WhiteElo "2661"]
[BlackElo "2675"]
[WhiteFideId "4121830"]
[BlackFideId "2047640"]
[EventDate "2018.11.05"]

1. e4 e5 2. Nf3 Nc6 3. Bc4 Bc5 4. d3 Nf6 5. Nc3 d6 6. Na4 Bb6 7. a3 O-O 8. h3
Be6 9. Bxe6 fxe6 10. O-O Qe8 11. Nxb6 axb6 12. Bd2 h6 13. g3 d5 14. Qe2 dxe4 15.
dxe4 Qg6 16. Rae1 Qxe4 17. Qxe4 Nxe4 18. Rxe4 Rxf3 19. Bf4 exf4 20. Kg2 Rfxa3
21. bxa3 fxg3 22. fxg3 Rxa3 23. Rxe6 Rc3 24. h4 Rxc2+ 25. Kh3 Rc5 26. Re8+ Kh7
27. Rf7 Ne5 28. Rfe7 Ng6 29. Rf7 Ne5 30. Rfe7 Ng6 31. Rf7 1/2-1/2

[Event "St Louis Winter A 2018"]
[Site "Saint Louis USA"]
[Date "2018.11.09"]
[Round "5.3"]
[White "Robson, Ray"]
[Black "Shimanov, Aleksandr"]
[Result "1/2-1/2"]
[WhiteTitle "GM"]
[BlackTitle "GM"]
[WhiteElo "2676"]
[BlackElo "2620"]
[WhiteFideId "2023970"]
[BlackFideId "4198603"]
[EventDate "2018.11.05"]

1. c4 g6 2. d4 Bg7 3. e4 d6 4. Nc3 Nf6 5. Nge2 a6 6. Ng3 c6 7. f4 e5 8. fxe5
dxe5 9. d5 h5 10. Be2 b5 11. Bg5 b4 12. Na4 h4 13. Nf1 h3 14. g3 Qa5 15. Nd2
cxd5 16. cxd5 Bd7 17. Nc4 Bxa4 18. Nxa5 Bxd1 19. Bxf6 Bxf6 20. Bxd1 Bg5 21. Ba4+
Kf8 22. Ke2 Kg7 23. Rhd1 Ra7 24. d6 Rc8 25. d7 Rc5 26. d8=Q Bxd8 27. Rxd8 Rxa5
28. b3 Rxa4 29. bxa4 Nc6 30. Rd3 Nd4+ 31. Kd1 Rd7 32. Rb1 a5 33. Rb2 Rd6 34. Rf2
f5 35. exf5 gxf5 36. Ke1 Rc6 37. Kd1 Kg6 38. Re3 Rc5 39. g4 fxg4 40. Re4 Kg5 41.
Rf8 Nf3 42. Rg8+ Kf5 43. Rexg4 Rc3 44. Rg3 Nxh2 45. Rxc3 bxc3 46. Rg3 Ng4 47.
Kc2 h2 48. Rh3 e4 49. Kxc3 Kf4 50. Kb2 e3 51. Kc2 Ke4 1/2-1/2

[Event "St Louis Winter A 2018"]
[Site "Saint Louis USA"]
[Date "2018.11.09"]
[Round "5.4"]
[White "Quesada Perez, Yuniesky"]
[Black "Melkumyan, Hrant"]
[Result "1-0"]
[WhiteTitle "GM"]
[BlackTitle "GM"]
[WhiteElo "2612"]
[BlackElo "2668"]
[WhiteFideId "3504409"]
[BlackFideId "13302485"]
[EventDate "2018.11.05"]

1. e4 c5 2. Nf3 Nc6 3. Bb5 g6 4. O-O Bg7 5. Nc3 e5 6. Bc4 d6 7. a3 h6 8. b4 Nge7
9. d3 O-O 10. Rb1 Kh7 11. bxc5 dxc5 12. Nd5 b6 13. Re1 Qd6 14. a4 Rb8 15. Bb2
Nxd5 16. Bxd5 Nb4 17. Bb3 Be6 18. Bc3 a5 19. Nd2 Rbe8 20. Qc1 Bxb3 21. Rxb3 Re6
22. Qb2 Qc6 23. Ra3 f5 24. Nc4 Rfe8 25. g3 R8e7 26. Raa1 f4 27. g4 h5 28. g5 f3
29. Kh1 Rf7 30. Re3 Re8 31. Qb3 Rf4 32. Rg1 Qe6 33. Ree1 Rf7 34. Rg3 h4 35. Rgg1
Rff8 36. Rb1 Re7 37. Ne3 Qd7 38. Rg4 Rf4 39. Rbg1 Ref7 40. h3 Rxg4 41. Rxg4 Rf4
42. Kh2 Qf7 43. Qxf7 Rxf7 44. Rxh4+ Kg8 45. Rg4 Rd7 46. Rg1 Nxc2 47. Nxc2 Rxd3
48. Ba1 Rd2 49. Rc1 Rxf2+ 50. Kg3 Rg2+ 51. Kxf3 Rxg5 52. Ne3 Rh5 53. Rh1 Kf7 54.
Kg2 Rh8 55. Rb1 Rd8 56. Nd5 1-0

[Event "St Louis Winter A 2018"]
[Site "Saint Louis USA"]
[Date "2018.11.09"]
[Round "5.5"]
[White "Miroshnichenko, Evgenij"]
[Black "Swiercz, Dariusz"]
[Result "1/2-1/2"]
[WhiteTitle "GM"]
[BlackTitle "GM"]
[WhiteElo "2606"]
[BlackElo "2636"]
[WhiteFideId "14102595"]
[BlackFideId "1126881"]
[EventDate "2018.11.05"]

1. d4 Nf6 2. Nf3 g6 3. Bg5 Bg7 4. e3 O-O 5. Be2 c5 6. Nbd2 b6 7. O-O Bb7 8. a4
d5 9. c3 Nc6 10. Qb3 Rc8 11. Rfd1 Na5 12. Qa3 c4 13. Rac1 Re8 14. b4 Nc6 15. Qa2
h6 16. Bf4 e6 17. h3 a6 18. Ne5 b5 19. axb5 axb5 20. Ra1 Ra8 21. Qb2 Nd7 22.
Nxc6 Bxc6 23. Rxa8 Qxa8 24. Ra1 Qb7 25. Nf3 Ra8 26. Bd1 Ra6 27. Rxa6 Qxa6 28.
Ne5 Nxe5 29. Bxe5 f6 30. Bg3 Qa8 1/2-1/2

[Event "St Louis Winter A 2018"]
[Site "Saint Louis USA"]
[Date "2018.11.10"]
[Round "6.1"]
[White "Sasikiran, Krishnan"]
[Black "Swiercz, Dariusz"]
[Result "1-0"]
[WhiteTitle "GM"]
[BlackTitle "GM"]
[WhiteElo "2671"]
[BlackElo "2636"]
[WhiteFideId "5004985"]
[BlackFideId "1126881"]
[EventDate "2018.11.05"]

1. e4 c6 2. d4 d5 3. e5 Bf5 4. Nd2 e6 5. Nb3 Nd7 6. Nf3 Ne7 7. Be2 Nc8 8. O-O
Be7 9. Ne1 c5 10. dxc5 Nxc5 11. Nxc5 Bxc5 12. Bb5+ Kf8 13. Bd3 Ne7 14. Bg5 Bxd3
15. Nxd3 Bb6 16. a4 a6 17. Ra3 h6 18. Bd2 Rc8 19. Rb3 Qc7 20. Bb4 Ba7 21. Nf4
Qd7 22. Nh5 Kg8 23. Rg3 Ng6 24. Qd3 Qe8 25. b3 Rh7 26. Kh1 b5 27. a5 Kh8 28.
Rxg6 fxg6 29. Nf4 Kg8 30. Nxg6 Bc5 31. Bd2 Qf7 32. f3 h5 33. h4 Rc6 34. g4 Be7
35. Kg2 Bd8 36. c3 Qe8 37. f4 Rh6 38. f5 exf5 39. Qxd5+ Kh7 40. gxf5 Rhxg6+ 41.
fxg6+ Rxg6+ 42. Kf3 Bxh4 43. Qe4 Qd7 44. Be3 Bg3 45. Ke2 h4 46. Rf5 Qc6 47. Qd3
Qe8 48. Rg5 Qe6 49. Rh5+ Kg8 50. Qd8+ Kf7 51. Rh8 Qg4+ 52. Kd2 Re6 53. Qg8+ Kg6
54. Rh6+ 1-0

[Event "St Louis Winter A 2018"]
[Site "Saint Louis USA"]
[Date "2018.11.10"]
[Round "6.2"]
[White "Melkumyan, Hrant"]
[Black "Miroshnichenko, Evgenij"]
[Result "1-0"]
[WhiteTitle "GM"]
[BlackTitle "GM"]
[WhiteElo "2668"]
[BlackElo "2606"]
[WhiteFideId "13302485"]
[BlackFideId "14102595"]
[EventDate "2018.11.05"]

1. d4 Nf6 2. c4 e6 3. Nf3 d5 4. Nc3 a6 5. cxd5 exd5 6. Bg5 Be6 7. Qb3 Ra7 8. e3
Nbd7 9. Bd3 Be7 10. Qc2 O-O 11. h3 c5 12. dxc5 Nxc5 13. O-O h6 14. Bf4 Ra8 15.
Rad1 Rc8 16. Be5 Nfe4 17. Qe2 Nxc3 18. Bxc3 Bf6 19. Bd4 Bd7 20. Rfe1 Re8 21. Bb1
Bb5 22. Qd2 Ne4 23. Bxf6 Nxd2 24. Bxd8 Nxf3+ 25. gxf3 Rexd8 26. Rd2 Kf8 27. Red1
Ke7 28. Kg2 Ba4 29. b3 Bc6 30. Bf5 Bd7 31. Bxd7 Rxd7 32. Rxd5 Rxd5 33. Rxd5 Rc2
34. Ra5 g5 35. Ra4 Rb2 36. Kg3 Kf6 37. f4 Kg6 38. f3 gxf4+ 39. Kxf4 Rh2 40. Kg3
Re2 41. e4 f6 42. Kf4 Rh2 43. Rb4 b5 44. Rd4 Rxh3 45. Rd6 Rh5 46. b4 a5 47. bxa5
b4 48. a6 Ra5 49. Rb6 Kf7 50. Rxb4 Rxa2 51. Rb7+ Kg6 52. Ra7 h5 53. Ra8 Ra5 54.
a7 Kg7 55. Kg3 Ra1 56. f4 1-0

[Event "St Louis Winter A 2018"]
[Site "Saint Louis USA"]
[Date "2018.11.10"]
[Round "6.3"]
[White "Shimanov, Aleksandr"]
[Black "Quesada Perez, Yuniesky"]
[Result "1/2-1/2"]
[WhiteTitle "GM"]
[BlackTitle "GM"]
[WhiteElo "2620"]
[BlackElo "2612"]
[WhiteFideId "4198603"]
[BlackFideId "3504409"]
[EventDate "2018.11.05"]

1. Nf3 Nf6 2. c4 e6 3. d4 d5 4. Nc3 a6 5. cxd5 exd5 6. Bg5 Be6 7. e3 Nbd7 8. Bd3
Bd6 9. O-O c6 10. h3 Qc7 11. Qd2 O-O 12. Rac1 Rfe8 13. Rfe1 Rac8 14. Bf4 Bxf4
15. exf4 Nb6 16. b3 Qd6 17. Ne5 c5 18. Bb1 cxd4 19. Qxd4 Qc5 20. Ne2 Qxd4 21.
Nxd4 Rxc1 22. Rxc1 Rc8 23. Re1 Bd7 24. g4 Re8 25. f3 h6 26. Kf2 Kf8 27. h4 Rd8
28. a4 a5 29. Rc1 Rc8 30. Rxc8+ Bxc8 31. Ke3 Nfd7 32. Nb5 Nc5 33. Bc2 Ke7 34. f5
Bd7 35. Kd4 Na6 36. Nc3 f6 37. Nd3 Kd6 38. Bd1 Be8 39. Nf4 Nc7 40. Be2 Bf7 41.
Bb5 Nc8 42. Bd3 Na7 43. Nb5+ Naxb5+ 44. axb5 b6 45. Ne2 Be8 46. Nc3 Bd7 47. h5 1/2-1/2

[Event "St Louis Winter A 2018"]
[Site "Saint Louis USA"]
[Date "2018.11.10"]
[Round "6.4"]
[White "Xiong, Jeffery"]
[Black "Robson, Ray"]
[Result "1/2-1/2"]
[WhiteTitle "GM"]
[BlackTitle "GM"]
[WhiteElo "2675"]
[BlackElo "2676"]
[WhiteFideId "2047640"]
[BlackFideId "2023970"]
[EventDate "2018.11.05"]

1. e4 e5 2. Nf3 Nc6 3. Bb5 Nf6 4. d3 Bc5 5. c3 O-O 6. O-O d6 7. h3 Ne7 8. d4 Bb6
9. Bd3 Ng6 10. Re1 c6 11. Be3 Nh5 12. Nbd2 Nhf4 13. Bf1 exd4 14. Bxd4 d5 15. Nb3
dxe4 16. Rxe4 Bf5 17. Re1 Qc7 18. Bxb6 Qxb6 19. Nbd4 Bd7 20. b4 Rad8 21. Qb3 Qc7
22. a4 b6 23. a5 c5 24. axb6 axb6 25. Qc4 Rc8 26. bxc5 bxc5 27. Nb5 Qb6 28. Ne5
Nxe5 29. Qxf4 Bxb5 30. Rxe5 Bxf1 31. Rxf1 Rfe8 32. Rfe1 Rxe5 33. Rxe5 h6 34. Re7
Qg6 35. Kh2 Rd8 36. Qe5 Rd2 37. Qf4 1/2-1/2

[Event "St Louis Winter A 2018"]
[Site "Saint Louis USA"]
[Date "2018.11.10"]
[Round "6.5"]
[White "Sevian, Samuel"]
[Black "Motylev, Alexander"]
[Result "1/2-1/2"]
[WhiteTitle "GM"]
[BlackTitle "GM"]
[WhiteElo "2641"]
[BlackElo "2661"]
[WhiteFideId "2040506"]
[BlackFideId "4121830"]
[EventDate "2018.11.05"]

1. c4 Nf6 2. Nc3 e5 3. Nf3 Nc6 4. g3 d5 5. cxd5 Nxd5 6. Bg2 Nb6 7. O-O Be7 8. a3
O-O 9. b4 Re8 10. d3 Bf8 11. Bb2 a5 12. b5 Nd4 13. Nd2 a4 14. Rb1 c6 15. bxc6
Nxc6 16. Bxc6 bxc6 17. Qc2 Be6 18. Nce4 f5 19. Nc3 h5 20. h4 Be7 21. Bc1 g5 22.
hxg5 Bxg5 23. Nf3 Bf6 24. Qd2 Bg7 25. Qc2 Bf6 26. Qd2 Bg7 27. Qc2 Bf6 1/2-1/2

[Event "St Louis Winter A 2018"]
[Site "Saint Louis USA"]
[Date "2018.11.11"]
[Round "7.1"]
[White "Motylev, Alexander"]
[Black "Sasikiran, Krishnan"]
[Result "1/2-1/2"]
[WhiteTitle "GM"]
[BlackTitle "GM"]
[WhiteElo "2661"]
[BlackElo "2671"]
[WhiteFideId "4121830"]
[BlackFideId "5004985"]
[EventDate "2018.11.05"]

1. e4 e5 2. Nf3 Nc6 3. Bb5 a6 4. Ba4 Nf6 5. O-O Be7 6. d3 b5 7. Bb3 d6 8. a3 O-O
9. Nc3 Na5 10. Ba2 Be6 11. Bxe6 fxe6 12. b4 Nc6 13. Bd2 d5 14. Re1 Qd7 15. Na2
Bd6 16. c3 h6 17. Nc1 a5 18. Nb3 a4 19. Nc1 Rf7 20. Ne2 dxe4 21. dxe4 Nxe4 22.
Ng3 Nf6 23. Qe2 Rb8 24. Rac1 Nd5 25. Ne4 Qe8 26. Be3 Nce7 27. c4 bxc4 28. Rxc4
Ng6 29. g3 Rf5 30. Nfd2 Rd8 31. Qd1 Nge7 32. Qg4 Kh7 33. Nf3 Qf7 34. Qh3 Kg8 35.
Nh4 Rf8 36. Rc2 Rh5 37. g4 Rxh4 38. Qxh4 Qg6 39. Rc4 Nf6 40. Nxf6+ Rxf6 41. Rd1
Qe8 42. Qh3 Qb5 43. Qf1 Qb7 44. g5 hxg5 45. Qg2 Qb5 46. Rdc1 Nf5 47. Qa8+ Rf8
48. Qc6 Qd5 49. Qxd5 exd5 50. Rg4 Kf7 51. Rxg5 Kf6 52. Rg4 d4 53. Bd2 Ke6 54. f3 1/2-1/2

[Event "St Louis Winter A 2018"]
[Site "Saint Louis USA"]
[Date "2018.11.11"]
[Round "7.3"]
[White "Quesada Perez, Yuniesky"]
[Black "Xiong, Jeffery"]
[Result "1-0"]
[WhiteTitle "GM"]
[BlackTitle "GM"]
[WhiteElo "2612"]
[BlackElo "2675"]
[WhiteFideId "3504409"]
[BlackFideId "2047640"]
[EventDate "2018.11.05"]

1. e4 c5 2. Nf3 d6 3. Bb5+ Nd7 4. c3 Nf6 5. Qe2 a6 6. Ba4 b5 7. Bc2 Bb7 8. O-O
e6 9. d4 Be7 10. Re1 O-O 11. Nbd2 Rc8 12. Nf1 Qc7 13. Bd3 cxd4 14. cxd4 e5 15.
d5 Nh5 16. Ng3 Nf4 17. Bxf4 exf4 18. Nh5 g6 19. Nxf4 Bf6 20. Qd2 Nc5 21. Rac1
Qb6 22. h3 Bg7 23. b4 Na4 24. Rxc8 Rxc8 25. Ne2 Nb2 26. Rc1 Re8 27. Ng3 Nxd3 28.
Qxd3 a5 29. a3 Rc8 30. Rxc8+ Bxc8 31. Ne2 Bd7 32. Nfd4 axb4 33. axb4 Qa6 34. Kh2
g5 35. Qd2 h6 36. f4 gxf4 37. Nxf4 Qa1 38. Nc6 Kh7 39. Qf2 Bxc6 40. dxc6 Bd4 41.
Qd2 Qg1+ 42. Kg3 Be3 43. Qxd6 h5 44. Kh4 Qe1+ 45. Kxh5 1-0

[Event "St Louis Winter A 2018"]
[Site "Saint Louis USA"]
[Date "2018.11.11"]
[Round "7.4"]
[White "Miroshnichenko, Evgenij"]
[Black "Shimanov, Aleksandr"]
[Result "1/2-1/2"]
[WhiteTitle "GM"]
[BlackTitle "GM"]
[WhiteElo "2606"]
[BlackElo "2620"]
[WhiteFideId "14102595"]
[BlackFideId "4198603"]
[EventDate "2018.11.05"]

1. Nf3 Nf6 2. g3 c5 3. Bg2 g6 4. O-O Bg7 5. d3 Nc6 6. a3 O-O 7. c3 a5 8. a4 d5
9. Na3 e5 10. e4 h6 11. exd5 Nxd5 12. Re1 Be6 13. Nc4 Qc7 14. Qe2 Rfe8 15. Bd2
Bf5 16. Nh4 Be6 17. Nf3 Bf5 18. Nh4 Be6 19. Nf3 Bf5 1/2-1/2

[Event "St Louis Winter A 2018"]
[Site "Saint Louis USA"]
[Date "2018.11.11"]
[Round "7.5"]
[White "Swiercz, Dariusz"]
[Black "Melkumyan, Hrant"]
[Result "1/2-1/2"]
[WhiteTitle "GM"]
[BlackTitle "GM"]
[WhiteElo "2636"]
[BlackElo "2668"]
[WhiteFideId "1126881"]
[BlackFideId "13302485"]
[EventDate "2018.11.05"]

1. e4 e5 2. Nf3 Nc6 3. Bb5 Nf6 4. O-O Nxe4 5. Re1 Nd6 6. Nxe5 Be7 7. Bf1 Nxe5 8.
Rxe5 O-O 9. d4 Bf6 10. Re1 Re8 11. c3 Rxe1 12. Qxe1 Nf5 13. Bf4 c6 14. Nd2 d5
15. Bd3 g6 16. Qe2 Ng7 17. Re1 Bf5 18. Bxf5 Nxf5 19. Nf3 Ng7 20. Be5 Ne6 21. Qe3
Bxe5 22. Nxe5 Qg5 23. Qxg5 Nxg5 24. f3 Ne6 25. Kf2 Kg7 26. g3 Re8 27. Nd3 Kf8
28. h4 f6 29. Rh1 h5 30. Re1 Kf7 31. Re2 1/2-1/2

[Event "St Louis Winter A 2018"]
[Site "Saint Louis USA"]
[Date "2018.11.12"]
[Round "8.1"]
[White "Sasikiran, Krishnan"]
[Black "Melkumyan, Hrant"]
[Result "1/2-1/2"]
[WhiteTitle "GM"]
[BlackTitle "GM"]
[WhiteElo "2671"]
[BlackElo "2668"]
[WhiteFideId "5004985"]
[BlackFideId "13302485"]
[EventDate "2018.11.05"]

1. e4 e5 2. Nf3 Nc6 3. Bb5 Nf6 4. O-O Nxe4 5. d4 Nd6 6. Bxc6 dxc6 7. dxe5 Nf5 8.
Qxd8+ Kxd8 9. h3 Be7 10. Nc3 Nh4 11. Rd1+ Ke8 12. Nxh4 Bxh4 13. g4 h5 14. f3 f6
15. exf6 gxf6 16. Bf4 Kf7 17. Rd2 Rg8 18. Rg2 Be6 19. Bxc7 f5 20. gxh5 Bf6 21.
Bf4 b5 22. a3 a5 23. Rxg8 Rxg8+ 24. Kh2 Rd8 25. h6 Bc4 26. Re1 Kg6 27. Nd1 Bd5
28. Rf1 Bxf3 29. Rxf3 Rxd1 30. c3 Rb1 31. Rf2 b4 32. axb4 axb4 33. Rg2+ Kh7 34.
cxb4 Rxb2 35. Rxb2 Bxb2 36. Bd2 Be5+ 37. Kg2 Bd6 38. Kf3 Kg6 39. Ke2 Kh7 40. Kd3
Kg6 41. Kd4 Kh7 42. Kc4 Kg6 43. Be3 Kh7 44. Bc5 Bg3 45. Bf8 Be1 46. Kd4 Kg8 47.
Bd6 Bd2 48. Ke5 f4 49. Ke4 Kh7 50. Bf8 Kg6 51. Kd3 Be1 52. Ke2 Bc3 53. Kf3 Bd2
54. Kg4 Kh7 55. Bd6 Kg6 56. Kf3 Kh7 57. Ke2 Bc3 58. Kd3 Be1 59. Ke4 Kxh6 60.
Kxf4 Kh5 61. Kf3 Bd2 62. Be7 Bc3 63. Ke4 Bxb4 64. Bxb4 Kh4 65. Kd4 c5+ 1/2-1/2

[Event "St Louis Winter A 2018"]
[Site "Saint Louis USA"]
[Date "2018.11.12"]
[Round "8.2"]
[White "Shimanov, Aleksandr"]
[Black "Swiercz, Dariusz"]
[Result "1/2-1/2"]
[WhiteTitle "GM"]
[BlackTitle "GM"]
[WhiteElo "2620"]
[BlackElo "2636"]
[WhiteFideId "4198603"]
[BlackFideId "1126881"]
[EventDate "2018.11.05"]

1. e4 e5 2. Nf3 Nc6 3. Bc4 Bc5 4. c3 Nf6 5. d3 d6 6. O-O a6 7. a4 O-O 8. Bg5 h6
9. Bh4 Ba7 10. Na3 g5 11. Nxg5 hxg5 12. Bxg5 Kg7 13. Qf3 Rh8 14. Nc2 Kg6 15. h4
Bg4 16. Qg3 Qd7 17. Ne3 Rag8 18. d4 Nxe4 19. Bd3 Bf5 20. Qf3 d5 21. g4 Bxg4 22.
Nxg4 f5 23. Nxe5+ Nxe5 24. dxe5 Nxg5 25. hxg5 Rh5 26. Rfe1 Qe6 27. Kg2 Rgh8 28.
Rh1 Rxg5+ 29. Kf1 Rxh1+ 30. Qxh1 Qxe5 31. Re1 Qf4 32. Re6+ Kf7 33. Re2 Kg7 34.
Re7+ Kf6 35. Re2 Kg7 36. Re7+ Kf6 37. Re2 Rg8 38. Qxd5 Qc1+ 39. Re1 Rg1+ 40.
Kxg1 Qxe1+ 41. Kg2 Qxf2+ 42. Kh3 Qe3+ 43. Kg2 Qg1+ 44. Kh3 Qg4+ 45. Kh2 Qg1+ 46.
Kh3 Qg4+ 47. Kh2 Bg1+ 48. Kh1 Bc5 49. Qd8+ Ke5 50. Qxc7+ Bd6 51. Qc4 Qh3+ 52.
Kg1 Qe3+ 53. Kg2 Bc5 54. Bf1 Qf2+ 55. Kh3 Qf3+ 56. Kh2 Qf4+ 1/2-1/2

[Event "St Louis Winter A 2018"]
[Site "Saint Louis USA"]
[Date "2018.11.12"]
[Round "8.3"]
[White "Xiong, Jeffery"]
[Black "Miroshnichenko, Evgenij"]
[Result "1/2-1/2"]
[WhiteTitle "GM"]
[BlackTitle "GM"]
[WhiteElo "2675"]
[BlackElo "2606"]
[WhiteFideId "2047640"]
[BlackFideId "14102595"]
[EventDate "2018.11.05"]

1. e4 e5 2. Nf3 Nf6 3. Nxe5 d6 4. Nf3 Nxe4 5. d3 Nf6 6. d4 Be7 7. Bd3 O-O 8. O-O
c5 9. Nc3 Nc6 10. d5 Nb4 11. Re1 Nxd3 12. Qxd3 Bg4 13. h3 Bxf3 14. Qxf3 Qd7 15.
a4 Rfe8 16. Bf4 Bf8 17. Bg5 Rxe1+ 18. Rxe1 Re8 19. Rxe8 Nxe8 20. Qg4 Qxg4 21.
hxg4 f6 22. Bf4 Kf7 23. f3 Ke7 24. Ne4 Kd7 25. Kf2 Nc7 26. c4 a5 27. Bd2 b6 28.
f4 Ne8 29. Bc3 Ke7 30. Kf3 Kf7 31. g5 f5 32. Nd2 g6 33. g4 Bg7 34. Nb1 Bxc3 35.
Nxc3 Ng7 36. gxf5 Nxf5 37. Ne4 Ke7 38. Ng3 Nxg3 39. Kxg3 1/2-1/2

[Event "St Louis Winter A 2018"]
[Site "Saint Louis USA"]
[Date "2018.11.12"]
[Round "8.4"]
[White "Sevian, Samuel"]
[Black "Quesada Perez, Yuniesky"]
[Result "1/2-1/2"]
[WhiteTitle "GM"]
[BlackTitle "GM"]
[WhiteElo "2641"]
[BlackElo "2612"]
[WhiteFideId "2040506"]
[BlackFideId "3504409"]
[EventDate "2018.11.05"]

1. c4 Nf6 2. Nc3 e5 3. Nf3 Nc6 4. g3 Bb4 5. Bg2 O-O 6. O-O d6 7. d3 Re8 8. Nd5
Nxd5 9. cxd5 Ne7 10. d4 e4 11. Ng5 h6 12. Nxe4 Nxd5 13. Bd2 Bxd2 14. Nxd2 c6 15.
e4 Nc7 16. Re1 Nb5 17. Nc4 d5 18. exd5 Rxe1+ 19. Qxe1 cxd5 20. Ne3 Nxd4 21. Rd1
Nc6 22. Nxd5 Bg4 23. Rd2 Qe8 24. Qxe8+ Rxe8 25. h3 Re1+ 26. Kh2 Re2 27. Rxe2
Bxe2 28. Nc3 Bd3 29. Bxc6 bxc6 30. Kg2 Kf8 31. Kf3 Ke7 32. Ke3 Bf1 33. h4 Kd6
34. b4 Ke5 35. f4+ Kf5 36. Ne4 Kg4 37. Kf2 Bc4 38. a3 Bd5 39. Nd6 Be6 40. Ne4
Bd5 41. Nd6 g5 42. hxg5 hxg5 43. fxg5 Kxg5 44. Nc8 a6 45. Nb6 Be6 46. Na4 Bc4
47. Nb2 Bd5 48. Nd3 Kf5 49. Nc5 Bc4 50. Ke3 Kg4 51. Kf2 Kf5 52. a4 Ke5 53. Ke3
Kd5 54. Nd7 Bf1 55. Nb6+ Ke5 56. Kf2 Bd3 57. Ke3 1/2-1/2

[Event "St Louis Winter A 2018"]
[Site "Saint Louis USA"]
[Date "2018.11.12"]
[Round "8.5"]
[White "Motylev, Alexander"]
[Black "Robson, Ray"]
[Result "0-1"]
[WhiteTitle "GM"]
[BlackTitle "GM"]
[WhiteElo "2661"]
[BlackElo "2676"]
[WhiteFideId "4121830"]
[BlackFideId "2023970"]
[EventDate "2018.11.05"]

1. e4 e5 2. Nf3 Nc6 3. Bb5 a6 4. Ba4 Nf6 5. O-O b5 6. Bb3 Bb7 7. Re1 Be7 8. d3
O-O 9. Nc3 d6 10. a3 Qd7 11. Ne2 Nd8 12. Ng3 Ne6 13. c3 c5 14. d4 exd4 15. cxd4
c4 16. Bc2 d5 17. e5 Ne4 18. Nxe4 dxe4 19. Bxe4 Bxe4 20. Rxe4 Nc5 21. Re2 Nb3
22. Rb1 Rad8 23. Be3 h6 24. Qc2 Qd5 25. Qf5 Rd7 26. Rbe1 Qe6 27. g4 Bd8 28. Kg2
Bb6 29. Qxe6 fxe6 30. d5 Bxe3 31. dxe6 Rd4 32. Rxe3 Rxg4+ 33. Kh3 h5 34. e7 Re8
35. e6 Nd4 36. Ne5 Rf4 37. Rd1 Nxe6 38. Nc6 Rf6 39. Kh4 g5+ 40. Kg3 Ng7 41. Nd4
Rd6 42. Re5 Kf7 43. f4 Rxe7 44. Nf5 gxf4+ 45. Kxf4 Ne6+ 46. Rxe6 Rdxe6 47. Nxe7
Kxe7 48. Rd2 Rd6 49. Rg2 Kf6 50. Ke4 Rd3 51. a4 h4 52. axb5 axb5 53. Rg4 h3 54.
Rf4+ Ke6 55. Rh4 b4 56. Rh6+ Kd7 57. Rb6 b3 58. Rb4 Rd2 59. Rxc4 Rxh2 60. Rc3
Re2+ 61. Kd4 Rd2+ 62. Ke3 Rxb2 0-1